[Event "ITA-ch U20"]
[Site "Tarvisio"]
[Date "2023.07.02"]
[Round "1"]
[White "Rubinshtein, Kamilla"]
[Black "Bassani, Vera Maria"]
[Result "1-0"]
[WhiteElo "1745"]
[BlackElo "1208"]
[PlyCount "77"]
[EventDate "2023.07.02"]
[EventType "swiss"]
[EventRounds "9"]
[EventCountry "ITA"]
[SourceTitle "EXT 2024"]
[Source "ChessBase"]
[SourceDate "2023.10.10"]
[SourceVersion "1"]
[SourceVersionDate "2023.10.10"]
[SourceQuality "1"]

1. e4 e5 2. Nf3 Nc6 3. Bb5 d6 4. d4 exd4 5. Nxd4 Bd7 6. Nxc6 bxc6 7. Bc4 Nf6 8. Nc3 Be7 9. 0-0 0-0 10. Bb3 Be6 11. Bxe6 fxe6 12. Qe2 d5 13. Rd1 Qe8 14. e5 Nd7 15. g3 Qg6 16. f4 Bc5+ 17. Kh1 Rf5 18. Be3 Bb6 19. a4 a5 20. Bg1 Raf8 21. Rd2 Qh6 22. Bxb6 cxb6 23. Ne4 dxe4 24. Rxd7 g5 25. Qxe4 gxf4 26. gxf4 Rxf4 27. Rg1+ Kh8 28. Qg2 Rf2 29. Qg7+ Qxg7 30. Rgxg7 Rf1+ 31. Kg2 R8f2+ 32. Kh3 Rf3+ 33. Kh4 Rf4+ 34. Kh5 Rf5+ 35. Kh6 Rf6+ 36. exf6 Rxf6+ 37. Kg5 Rf5+ 38. Kh4 Rf4+ 39. Kg3 1-0

[Event "St Petersburg Korchnoi Memorial op"]
[Site "St Petersburg"]
[Date "2019.08.18"]
[Round "5"]
[White "Rubinshtein, Kamilla"]
[Black "Romanov, Ivan I"]
[Result "1-0"]
[WhiteElo "1799"]
[BlackElo "1425"]
[PlyCount "65"]
[EventDate "2019.08.14"]
[EventType "swiss"]
[EventRounds "9"]
[EventCountry "RUS"]
[SourceTitle "CBM 192"]
[Source "ChessBase"]
[SourceDate "2019.10.31"]
[SourceVersion "1"]
[SourceVersionDate "2019.10.31"]
[SourceQuality "1"]

1. e4 c5 2. c3 d5 3. exd5 Qxd5 4. d4 Nf6 5. Nf3 Bg4 6. Be2 Nc6 7. h3 Bh5 8. 0-0 e6 9. Be3 cxd4 10. cxd4 Be7 11. Nc3 Qd6 12. Qb3 0-0 13. Rfd1 Rfd8 14. Nb5 Qb4 15. Qxb4 Bxb4 16. Rac1 a6 17. Nc3 h6 18. Na4 Nd5 19. Nc5 Bxc5 20. dxc5 Nce7 21. Bd2 Nc6 22. Be3 Nce7 23. g4 Bg6 24. Ne5 Bh7 25. Bf3 Rac8 26. Bg2 Nc6 27. Nc4 Ncb4 28. Nb6 Rc6 29. Rc4 Nd3 30. Nxd5 exd5 31. Rd4 Ne5 32. Rxd5 Rxd5 33. Rxd5 1-0

[Event "EU-ch U14 Girls"]
[Site "Bratislava"]
[Date "2019.08.10"]
[Round "9"]
[White "Fizerova, Lucie"]
[Black "Rubinshtein, Kamilla"]
[Result "0-1"]
[WhiteElo "1563"]
[BlackElo "1799"]
[PlyCount "56"]
[EventDate "2019.08.02"]
[EventType "swiss"]
[EventRounds "9"]
[EventCountry "SVK"]
[SourceTitle "EXT 2020"]
[Source "ChessBase"]
[SourceDate "2019.10.17"]
[SourceVersion "1"]
[SourceVersionDate "2019.10.17"]
[SourceQuality "1"]

1. e4 c6 2. d4 d5 3. Nd2 dxe4 4. Nxe4 Bf5 5. Ng3 Bg6 6. h4 h6 7. h5 Bh7 8. Bd3 Bxd3 9. Qxd3 e6 10. Nf3 Qc7 11. Bd2 Nd7 12. 0-0-0 Ngf6 13. Ne4 Nxe4 14. Qxe4 Nf6 15. Qe2 0-0-0 16. g3 Bd6 17. c4 c5 18. dxc5 Qxc5 19. Kb1 Ng4 20. Be1 Qf5+ 21. Ka1 Bc5 22. Nh4 Qxh5 23. f3 Qe5 24. Rxd8+ Rxd8 25. Qc2 Ne3 26. Qc1 Rd1 27. Bc3 Rxc1+ 28. Rxc1 Qxg3 0-1

[Event "EU-ch U14 Girls"]
[Site "Bratislava"]
[Date "2019.08.08"]
[Round "7"]
[White "Blokhin, Sofia"]
[Black "Rubinshtein, Kamilla"]
[Result "1-0"]
[WhiteElo "1675"]
[BlackElo "1799"]
[PlyCount "95"]
[EventDate "2019.08.02"]
[EventType "swiss"]
[EventRounds "9"]
[EventCountry "SVK"]
[SourceTitle "EXT 2020"]
[Source "ChessBase"]
[SourceDate "2019.10.17"]
[SourceVersion "1"]
[SourceVersionDate "2019.10.17"]
[SourceQuality "1"]

1. e4 c5 2. Nf3 Nc6 3. d4 cxd4 4. Nxd4 e5 5. Nb5 d6 6. N1c3 a6 7. Na3 b5 8. Nd5 Nce7 9. Bg5 Rb8 10. c4 f6 11. Be3 Nxd5 12. cxd5 f5 13. exf5 Bxf5 14. Be2 Qa5+ 15. Bd2 Qb6 16. 0-0 Nf6 17. Bg5 Be7 18. Rc1 Rc8 19. Bxf6 Rxc1 20. Qxc1 Bxf6 21. Nc2 0-0 22. Nb4 Rc8 23. Nc6 h6 24. Qd1 Bg5 25. Bg4 Rf8 26. Bxf5 Rxf5 27. Qg4 Rf7 28. Qe6 Qc7 29. g3 Qd7 30. Qxd7 Rxd7 31. h4 Bf6 32. Nb8 Rc7 33. Nc6 Kf7 34. b4 g5 35. hxg5 Bxg5 36. f4 exf4 37. gxf4 Bh4 38. Kg2 Kg6 39. Kf3 Rf7 40. Ke4 h5 41. Rg1+ Kh6 42. Rg2 Rf8 43. Nd4 Re8+ 44. Kf3 Rf8 45. Re2 Rf6 46. Ke4 Kg6 47. Rg2+ Kf7 48. Nf3 1-0

[Event "EU-ch U14 Girls"]
[Site "Bratislava"]
[Date "2019.08.06"]
[Round "5"]
[White "Rubinshtein, Kamilla"]
[Black "Zvereva, Margarita"]
[Result "1/2-1/2"]
[WhiteElo "1799"]
[BlackElo "1678"]
[PlyCount "78"]
[EventDate "2019.08.02"]
[EventType "swiss"]
[EventRounds "9"]
[EventCountry "SVK"]
[SourceTitle "EXT 2020"]
[Source "ChessBase"]
[SourceDate "2019.10.17"]
[SourceVersion "1"]
[SourceVersionDate "2019.10.17"]
[SourceQuality "1"]

1. e4 c5 2. c3 d5 3. exd5 Qxd5 4. d4 e6 5. Nf3 Nf6 6. Be2 Nc6 7. 0-0 Be7 8. Be3 cxd4 9. cxd4 0-0 10. Nc3 Qd8 11. Qd2 Nb4 12. Ne5 Nbd5 13. Rac1 Bd7 14. Bd3 Bb4 15. Qe2 Bc6 16. Nxc6 bxc6 17. Ne4 Nxe4 18. Bxe4 Rc8 19. Rc4 Be7 20. Rfc1 f5 21. Bxd5 Qxd5 22. Bf4 Bf6 23. Be5 Bxe5 24. Qxe5 Rfd8 25. Qxd5 Rxd5 26. Kf1 Rd6 27. Ke2 Rb8 28. b3 Rb6 29. Ke3 Kf7 30. f4 Ke7 31. Ra4 Rd7 32. Rac4 Kd6 33. Rc5 Ra6 34. R1c2 Rb7 35. Kd3 Rb5 36. R5c4 Rb7 37. Rc5 Rb5 38. R5c4 Rb7 39. Rc5 Rb5 1/2-1/2

[Event "EU-ch U14 Girls"]
[Site "Bratislava"]
[Date "2019.08.05"]
[Round "4"]
[White "Tarasenka, Aliaksandra"]
[Black "Rubinshtein, Kamilla"]
[Result "1-0"]
[WhiteElo "2192"]
[BlackElo "1799"]
[PlyCount "59"]
[EventDate "2019.08.02"]
[EventType "swiss"]
[EventRounds "9"]
[EventCountry "SVK"]
[SourceTitle "EXT 2020"]
[Source "ChessBase"]
[SourceDate "2019.10.17"]
[SourceVersion "1"]
[SourceVersionDate "2019.10.17"]
[SourceQuality "1"]

1. e4 c6 2. d4 d5 3. e5 c5 4. dxc5 e6 5. Nf3 Bxc5 6. Bd3 Ne7 7. 0-0 Nbc6 8. Nbd2 Ng6 9. Nb3 Bb6 10. Qe2 0-0 11. Bg5 Qc7 12. Rae1 Bd7 13. Bd2 Rfc8 14. h4 h6 15. h5 Nge7 16. c3 a5 17. Bb1 a4 18. Nc1 Nf5 19. g4 Ng3 20. Qd3 Nxf1 21. Qh7+ Kf8 22. Kxf1 Ne7 23. Bd3 Ng8 24. g5 hxg5 25. Nxg5 Qc5 26. Be3 Qc7 27. h6 Nxh6 28. Qh8+ Ke7 29. Qxg7 Rh8 30. Qf6+ 1-0